The Middle One Quiz Stats

 Plays Quiz Updated Jan 14, 2012

Also try: The 'Middle' Quiz
Challenge
Share
Tweet
Embed
Score 0/22 Timer 05:00
9 Plays Today
Threesome Middle One (alphabetically) % Correct
Olympic Medal???
88.4%
American Flag Color???
87.1%
Rice Krispies Character???
78.9%
Columbus Ship???
72.8%
Donald Duck Nephew???
67.6%
Singing Chipmunk???
60.9%
Great Britain Nation???
60.4%
Branch of U.S. Government???
59.7%
Major Axis Power???
50.3%
U.S. Triple Crown (Horse race)???
49.5%
Lord of the Rings Book???
45.1%
Threesome Middle One (alphabetically) % Correct
U.S. Unalienable Right???
44.7%
Main Rock Type???
41%
Baltic State???
37.2%
Major Arm Bone???
36.7%
Brontë Sister???
31.2%
Holy Family Member???
30.1%
Apollo 11 Crew Surname???
23.5%
Heat Transfer Form???
21.9%
Three Musketeers???
21.6%
Three Tenors Surname???
20.6%
South African Capital???
15.8%

You're not logged in!

Compare scores with friends on all Sporcle quizzes.
OR
Log In

You Might Also Like...

Show Comments

Extras

Top Quizzes Today


Score Distribution

Your Account Isn't Verified!

In order to create a playlist on Sporcle, you need to verify the email address you used during registration. Go to your Sporcle Settings to finish the process.

Report this User

Report this user for behavior that violates our Community Guidelines.

Details: